Normal view MARC view
  • RAGE NIRMALAN

Entry Personal Name

Number of records used in: 1

001 - CONTROL NUMBER

  • control field: 5368

003 - CONTROL NUMBER IDENTIFIER

  • control field: OSt

005 - DATE AND TIME OF LATEST TRANSACTION

  • control field: 20200517110649.0

008 - FIXED-LENGTH DATA ELEMENTS

  • fixed length control field: 200517|| aca||aabn | a|a d

040 ## - CATALOGING SOURCE

  • Original cataloging agency: OSt
  • Transcribing agency: OSt

100 ## - HEADING--PERSONAL NAME

  • Personal name: RAGE NIRMALAN

670 ## - SOURCE DATA FOUND

  • Source citation: Work cat.: (OSt): RAGE NIRMALAN, Pharmacology specific learning objectives, 2020